The making of early medieval India (Record no. 151690)

MARC details
000 -LEADER
fixed length control field 00752nam a22001937a 4500
005 - DATE AND TIME OF LATEST TRANSACTION
control field 20180423152828.0
010 ## - LCCN (DPL NO)
LC control number B-691581-582
020 ## - INTERNATIONAL STANDARD BOOK NUMBER
Terms of availability 450.00
International Standard Book Number 9780198077251
035 ## - SYSTEM CONTROL NUMBER
System control number B-691581-582
037 ## - SOURCE OF ACQUISITION
Source of stock number/acquisition R.K.Books
082 ## - DEWEY DECIMAL CLASSIFICATION NUMBER
Classification number 954.02
100 ## - MAIN ENTRY--PERSONAL NAME
Personal name Chattopadhyaya, Brajadulal
245 ## - TITLE STATEMENT
Title The making of early medieval India
Statement of responsibility, etc by Brajadulal Chattopadhyaya
260 ## - PUBLICATION, DISTRIBUTION, ETC. (IMPRINT)
Place of publication, distribution, etc Delhi
Name of publisher, distributor, etc Oxford University Press
Date of publication, distribution, etc 2012
270 ## - ADDRESS
Address 2/11 Ground Floor,Ansari Road, Daryaganj
City New Delhi
Postal code 110002
300 ## - PHYSICAL DESCRIPTION
Extent 290p.
Dimensions 21cm (pbk)
942 ## - ADDED ENTRY ELEMENTS (KOHA)
Source of classification or shelving scheme Dewey Decimal Classification
Item type English Books
Call number suffix CHAT
Classification part 954.02
Holdings
Withdrawn status Lost status Not for loan Collection code Home library Current library Date acquired Source of acquisition Cost, normal purchase price Full call number Barcode Copy number Cost, replacement price Koha item type
      Non-fiction Bawana Bawana 23/04/2018 R.K.Books IN4122/17-18/26.03.2018/897/23.03.2018/27.03.2018 450.00 954.02 CHAT B-691582 1 450.00 English Books
      Non-fiction Narela Narela 23/04/2018 R.K.Books IN4122/17-18/26.03.2018/897/23.03.2018/27.03.2018 450.00 954.02 CHAT B-691581 1 450.00 English Books

© Delhi Public Library
Hit Counter
free hit counter